01021nam a22002537a 450000500170000001000130001702000210003003500130005103700160006404000120008008200170009210000270010924501050013626000480024127000440028930000340033350000510036765000510041865000310046970000320050094200270053299900190055995201890057820170124110055.0 aA-680516 c00.00a817024577 aA-680516 bCen Lib/Ret aDPLbEN a615.942bJEN aJena, Indramani926313 aSnakes of medical importance and snake-bite treatment /cby Indramani Jena [and] Akulananda Sarangi  aNew Delhi bAshish Publishing House c1993  bNew Delhi a8/81, punjabi bagh e110026 axxxv, 293p. ;c21cm(Hb)bill. aIncludes bibliographical references and index  aMedical science xsnake-bite treatment 926314 aMedical importance 926315 aSarangi, Akulannada 926316 2ddccENh615.942mJEN  c129419d129419 04104070aLbLd2015-07-06eCen Lib/Retg0.00l0o615.942 JENpA-680516r2015-07-06 00:00:00t1v0.00w2015-07-06yENzWritten off on approval by DLB (By Circulation); dtd 15-06-2023